000 00683nam a2200265Ia 4500
003 OSt
005 20221006142651.0
006 a|||||r|||| 00| 0
007 ta
008 221006b |||||||| |||| 00| 0 eng d
020 _cP7.95
024 _a6,888
037 _cTextual
040 _aEASL
_cEASL
_beng
041 _2eng
_aeng
082 _aY:1:6.41.N5, L3
100 _aMESKILL John Ed.
245 0 _aIntroduction to Chinese civilization
260 _aNew York
_bColumbia University Press
_c1973
300 _a699p.
_ccm.
490 _v CEL
650 _aCEL
942 _hY:1:6.41.N5, L3
_cTEXL
_2CC
999 _c1074974
_d1074974